|
|
|
|
| LEADER |
00000nas a2200000 a 4500 |
| 001 |
ssj0017461 |
| 003 |
WaSeSS |
| 005 |
20200512172242.0 |
| 006 |
m d |
| 007 |
cr n |
| 008 |
010608c19999999paumr pss 0 a0eng c |
| 010 |
|
|
|a 2003252436
|
| 015 |
|
|
|a GBB5I2582
|2 bnb
|
| 016 |
7 |
|
|a 2094255-2
|2 DE-600
|
| 016 |
7 |
|
|a 013356420
|2 Uk
|
| 022 |
|
|
|a 1549-7879
|l 1522-6514
|y 1522-6514
|
| 035 |
|
|
|a (WaSeSS)ssj0017461
|
| 037 |
|
|
|b Taylor and Francis, Inc., 825 Chestnut Street, Philadelphia, PA 19106
|
| 040 |
|
|
|a F#A
|b eng
|e pn
|c F#A
|d OCLCQ
|d WAU
|d OCLCQ
|d NSD
|d OCLCQ
|d HUL
|d OCLCQ
|d UKMGB
|d OCLCQ
|d OCLCF
|d CHVBK
|d OCLCO
|d VT2
|d OCLCQ
|d WT2
|d OCLCO
|d NLE
|d OCLCA
|d U3W
|d OCLCO
|d DLC
|d LND
|d OCLCO
|d OCL
|d OCLCO
|d AU@
|d OCLCO
|d WYU
|d OCLCO
|d AUD
|d OCLCA
|d SFB
|d CNMTR
|d OCLCQ
|d OCLCO
|d WaSeSS
|
| 042 |
|
|
|a pcc
|a nsdp
|
| 050 |
0 |
0 |
|a TD192.75
|
| 060 |
0 |
0 |
|a W1
|b IN773
|
| 082 |
1 |
0 |
|a 628
|2 13
|
| 130 |
0 |
|
|a International journal of phytoremediation (Online)
|
| 222 |
|
0 |
|a International journal of phytoremediation
|b (Online)
|
| 245 |
1 |
0 |
|a International journal of phytoremediation
|h [electronic resource].
|
| 246 |
1 |
|
|a IJP
|
| 246 |
3 |
|
|a CRC journals international journal of phytoremediation
|
| 260 |
|
|
|a [Boca Raton, FL] :
|b CRC Press,
|c [2001?]-
|
| 260 |
3 |
|
|3 2003- :
|a [Philadelphia, PA] :
|b Taylor & Francis
|
| 310 |
|
|
|a Monthly,
|b 2014-
|
| 321 |
|
|
|a Ten no. per year,
|b 2010-2013
|
| 321 |
|
|
|a Quarterly,
|b -2006
|
| 362 |
0 |
|
|a Vol. 1, issue 1 (1999)-
|
| 500 |
|
|
|a At head of title: CRC journals.
|
| 500 |
|
|
|a Title from contents (viewed Apr. 9, 2003).
|
| 506 |
|
|
|a License restrictions may limit access.
|
| 515 |
|
|
|a Vol. 1, issues 1 & 2 mistakenly dated as May 3, 2002 on 2002 issues page.
|
| 515 |
|
|
|a Vols. 13 & 14 also have separately numbered supplements.
|
| 538 |
|
|
|a Mode of access: World Wide Web.
|
| 588 |
1 |
|
|a Vol. 20, no. 5 (2018) (Taylor & Francis website, viewed April 23, 2018).
|
| 650 |
|
0 |
|a Phytoremediation
|v Periodicals.
|
| 650 |
|
2 |
|a Environmental Pollution
|x prevention & control.
|
| 650 |
|
2 |
|a Plant Physiological Phenomena.
|
| 650 |
|
2 |
|a Bioreactors.
|
| 650 |
|
7 |
|a Phytoremediation.
|2 fast
|0 (OCoLC)fst01063324
|
| 655 |
|
0 |
|a Electronic journals.
|
| 776 |
1 |
|
|t International journal of phytoremediation
|x 1522-6514
|w (DLC)sn 98004966
|w (OCoLC)40390824
|
| 850 |
|
|
|a DLC
|
| 856 |
4 |
0 |
|z Full text available from Research Library: 03/01/2003 to 07/31/2007
|u https://search.proquest.com/publication/44718
|